[Event "Moscow op-E"]
[Site "Moscow"]
[Date "2011.02.05"]
[Round "8.129"]
[White "Otirba, Daut"]
[Black "Tuvsanaa, Nyamaa"]
[Result "0-1"]
[WhiteElo "2069"]
[BlackElo "2283"]
[PlyCount "68"]
[EventDate "2011.01.29"]
[EventType "swiss"]
[EventRounds "9"]
[EventCountry "RUS"]
[SourceTitle "EXT 2022"]
[Source "ChessBase"]
[SourceDate "2021.10.06"]
[SourceVersion "1"]
[SourceVersionDate "2021.10.06"]
[SourceQuality "1"]

1. d4 d5 2. c4 c6 3. Nc3 Nf6 4. cxd5 cxd5 5. Bg5 Nc6 6. e3 Ne4 7. Bf4 Qa5 8. Qa4 Qxa4 9. Nxa4 e5 10. Bxe5 Bb4+ 11. Ke2 Nxe5 12. dxe5 Bd7 13. Nc3 Nxc3+ 14. bxc3 Bxc3 15. Rb1 a6 16. f4 b5 17. Nf3 0-0 18. Kf2 f6 19. exf6 Rxf6 20. Bd3 d4 21. g3 dxe3+ 22. Kxe3 Rc8 23. Kf2 Bc6 24. Rhc1 Ba5 25. Ne5 Bd5 26. Nd7 Rf7 27. Ne5 Rf6 28. Nd7 Rd6 29. Ne5 g5 30. Rd1 Bb6+ 31. Ke2 gxf4 32. gxf4 Rf8 33. Rf1 Rh6 34. Ng4 Rh4 0-1